000 00451nam a2200181Ia 4500
005 20250603144447.0
008 250603s9999 xx 000 0 und d
020 _a9788131806500
050 _aTK 7895.M5 .R36/
100 _aRam, S. K. Venkata
245 0 _aAdvanced microprocessor and microcontrollers
260 _aNew Delhi
260 _bUniversity Science Press
260 _c2013
300 _a503 p
650 _aNew Delhi
942 _cBK
999 _c38988
_d38988